000 00799nam a2200229Ia 4500
003 OSt
005 20220926021739.0
006 a|||||r|||| 00| 0
007 ta
008 220923b |||||||| |||| 00| 0 eng d
037 _cGeneral Book
040 _aRTL
_cRTL
_beng
041 _2eng
_aeng
082 _aY9(X:978).1N45.N85r, M5 /UN
110 _aUNITED NATIONS, HUMAN SETTLEMENTS (Commission on-), GENERAL ASSEMBLY. OFFICIAL RECORDS: 14th SESSION
_9326804
245 0 _aReport
260 _aNew York
_bUnited Nations
_c1985
300 _aiv, 50p
_ccm.
700 _aUNITED NATIONS, HUMAN SETTLEMENTS (Commission on-), GENERAL ASSEMBLY. OFFICIAL RECORDS: 14th SESSION
_9326805
942 _hY9(X:978).1N45.N85r, M5 /UN
_cGB
_2CC
999 _c637587
_d637587